| 000 | 00806nam a22002537a 4500 | ||
|---|---|---|---|
| 003 | OSt | ||
| 005 | 20260407113507.0 | ||
| 008 | 260226b |||||||| |||| 00| 0 eng d | ||
| 020 | _a978-81-951611-9-5 | ||
| 037 | _cTextbook | ||
| 040 |
_aFEDL _beng _cFEDL |
||
| 041 |
_aeng _heng |
||
| 082 | _a607 EAR/R | ||
| 100 |
_aEarnest, Joshua _91116770 |
||
| 245 |
_aOutcome- based curriculum in engineering education/ _cby Joshua Earnest; Shashi Kant Gupta |
||
| 260 |
_aDelhi _bPHI Learning Private Limited _c2025 |
||
| 300 | _axxii, 334p. | ||
| 365 |
_aINR _b795.00 |
||
| 650 |
_aTECHNOLOGY TEACHING _91116771 |
||
| 650 |
_aENGINEERING- EDUCATION _91116772 |
||
| 700 |
_aGupta, Shashi Kant _91116773 |
||
| 942 |
_2ddc _cTB _h607 EAR/R _n0 |
||
| 999 |
_c1680275 _d1680275 |
||